000 00221 a2200097 4500
001 14652
100 _aPhilpott B
245 _aR.A.F fighter units Europe
260 _aLondon
_bOsprey pub house
_c
090 _c11438
_d11438
942 _aNUST-CAE
_cM
_c1601
999 _c249725
_d249725